000 00720nam a22001697a 4500
999 _c15062
_d15062
003 OSt
082 _2631.3 MAN/ST
088 _aP 157
100 _aMANISH KUMAR JHA
_aREEBA MARIAM JOSHUA
_aVINEETHA M
_92462
245 _aStudies on minimal processing of pineabble
260 _aTavanur 2005
_bKelappaji College of Agricultural Engineering and Technology
300 _a52
500 _aStudies on minimal processing of pineabble
520 _aTo develop a minimal processing method for pineapple titbis employing the hurdle concept. fabrication of an osmotic dehydration apparatus for dehydration of pineapple titbis . shelf life studies of pineapple titbis
700 _aEr. Prince M. V (Guide)
_92280
942 _cPR